000 02780nam0a2200469 4500
001 RU\NLR\BIBL_A\012297826
005 20250624012031.0
021 _aRU
_b2020-16047
_9КН-П-1252
035 _a(RuMoRGB)010306376
035 _a(NLR Aleph) 012297826
090 _a11305202
_c11305202
100 _a20200722d2019 |||y0rusy50 ca
101 0 _arus
_deng
102 _aRU
105 _aac||z|||010zy
181 0 _ai
_baxxe
182 0 _an
200 1 _aЕрмолаевские чтения
_eматериалы III научно-практической конференции с международным участием (23-25 мая 2019 г.), посвященной 90-летию со дня основания Национального музея им. Алдан-Маадыр Республики Тыва
_fМинистерство культуры Республики Тыва, ГБУ "Национальный музей им. Алдан-Маадыр Республики Тыва"
203 _aТекст
_bвизуальный
_cнепосредственный
210 _aКызыл
_cТипография МБОУ КЦО "Аныяк"
_d2019
215 _a255 с.
_cил., табл., цв. ил., портр.
_d29
300 _aНа обл.: Национальный музей Республики Тыва. 90 лет
300 _aНа обл. ISSN 2686-9624
300 _aРез. англ.
320 _aБиблиогр. в конце ст.
600 1 _aЕрмолаев
_bВ. П.
_f1892 - 1982
_gВладимир Петрович
_92447916
_3RU\NLR\AUTH\6601673378
601 0 2 _aТувинский национальный музей им. Алдан-Маадыр
_cКызыл, город
_92395852
_3RU\NLR\AUTH\661428475
606 1 _aНароды Сибири
_jСъезды, совещания и т.п
_xИсторико-этнографические исследования
_92295314
_3RU\NLR\AUTH\661374441
607 _aТыва, Республика
_jСъезды, совещания и т.п
_xАрхеологические исследования
_92232163
_3RU\NLR\AUTH\6601572080
686 1 _aЩ101.3(2Р=Ту)-2Кызыл2Тувинский национальный музей им. Алдан-Маадыр
686 1 _aЧ612.3(2)7-8Ермолаев
686 1 _aЧ773(2)7-8Ермолаев
686 1 _aТ52(25)я431
686 1 _aТ3(2Р5)я431
686 1 _aТ4г(2Р54-6Ту)я431
702 1 _aЕрмолаев
_bВ.П.
_f1892-1982
_gВладимир Петрович
_4570
710 1 2 _aЕрмолаевские чтения
_d3
_eКызыл
_f2019
_9710124
_3RU\NLR\AUTH\880524274
942 _cBOOK
980 _aNB